Nantes players - Statistiques

Statistiques générales
  • Ce quiz a été pris 45 fois
  • Le résultat moyen est 13 sur 16
Statistiques - réponses
Par images Réponse % Correct
Pallois
100%
Sala
100%
Lafont
98%
Payet
98%
Deschamps
90%
Rongier
90%
Simon
90%
Bammou
88%
Chirivella
88%
Desailly
85%
Tatarusanu
76%
Thomasson
76%
Deaux
68%
Bedoya
61%
Nkoudou
49%
Gakpe
46%
Aucun quiz correspondant
Distribution des résultats
% des personnes avec chaque résultat
Percentile par nombre de réponses
Votre historique - résultats
Vous n’avez pas pris ce quiz